Stream sculpture on the atlantic (Record no. 693959)

MARC details
000 -LEADER
fixed length control field 00697nam a2200241Ia 4500
003 - CONTROL NUMBER IDENTIFIER
control field OSt
005 - DATE AND TIME OF LATEST TRANSACTION
control field 20220927105708.0
008 - FIXED-LENGTH DATA ELEMENTS--GENERAL INFORMATION
fixed length control field 220926b |||||||| |||| 00| 0 eng d
037 ## - SOURCE OF ACQUISITION
Terms of availability Reference Collections
040 ## - CATALOGING SOURCE
Original cataloging agency RTL
Transcribing agency RTL
Language of cataloging eng
041 ## - LANGUAGE CODE
Source of code eng
Language code of text/sound track or separate title eng
100 ## - MAIN ENTRY--PERSONAL NAME
Personal name Johnson Douglas
9 (RLIN) 374251
245 #0 - TITLE STATEMENT
Title Stream sculpture on the atlantic
260 ## - PUBLICATION, DISTRIBUTION, ETC.
Place of publication, distribution, etc. london
Name of publisher, distributor, etc. Hafner Publishing company
Date of publication, distribution, etc. 1931
300 ## - PHYSICAL DESCRIPTION
Extent xxii 142p
Dimensions cm.
500 ## - GENERAL NOTE
General note Bibliography: P 309-360; Glossary: P 307-308
942 ## - ADDED ENTRY ELEMENTS (KOHA)
Classification part "U21.73, G1"
Koha item type
Holdings
Withdrawn status Lost status Damaged status Not for loan Home library Current library Date acquired Total Checkouts Full call number Barcode Date last seen Price effective from Koha item type
        Ratan Tata Library Ratan Tata Library 2022-09-27   "U21.73 G1" RT0304087 2022-09-27 2022-09-27  
Copyright @ Delhi University Library System